The catholicity of the church / Avery Dulles (Registro nro. 45579)
[ vista simple ]
| 000 -LÍDER | |
|---|---|
| Campo fijo de descripción fija | 010690000a22002050004500 |
| 020 ## - NÚMERO INTERNACIONAL NORMALIZADO PARA LIBROS | |
| Número Internacional Normalizado del libro | 0-19-826676-6 |
| 082 04 - NÚMERO DE CLASIFICACIÓN DECIMAL DEWEY | |
| Número de clasificación | G 262.72 D84c |
| 001 - NÚMERO DE CONTROL | |
| Campo de control | 19208 |
| 100 1# - ASIENTO PRINCIPAL--NOMBRE PERSONAL | |
| Nombre personal | Dulles, Avery |
| 245 10 - TÍTULO | |
| Título del Material | The catholicity of the church / Avery Dulles |
| 260 ## - PUBLICACIÓN, DISTRIBUCIÓN, ETC. (PIE DE IMPRENTA) | |
| Lugar de publicación, distribución, etc. | Oxford, England : Clarendon Press |
| 300 ## - DESCRIPCIÓN FÍSICA | |
| Extensión | 199 páginas |
| 336 ## - CONTENT TYPE | |
| Content type term | texto |
| Content type code | txt |
| Source | rdacontent |
| 337 ## - MEDIA TYPE | |
| Source | rdamedia |
| Media type term | sin mediación |
| Media type code | n |
| 338 ## - CARRIER TYPE | |
| Source | rdacarrier |
| Carrier type term | volumen |
| Carrier type code | nc |
| 501 ## - NOTA DE “CON” | |
| Nota de Contenido | Pasta dura |
| 505 00 - NOTA DE CONTENIDO | |
| Nota de contenido con formato preestablecido | La catolicidad de la iglesia - El principio católico - El concepto del catolicismo: Ayer y hoy - La plenitud de Dios en Cristo - Las aspiraciones de la naturaleza - Misión y comunión - Tradición y desarrollo - Las estructuras de la catolicidad: Sacramental y jerárquica - El centro de la catolicidad: Primado romano - Católico y protestante: ¿Contrario o complementario? - Futuro del catolicismo - Textos representativos de la iglesia como católica - Significados de la palabra "católico" |
| 650 14 - ASIENTO SECUNDARIO DE MATERIA - TERMINO TEMÁTICO | |
| Término temático o nombre geográfico como elemento de entrada | Iglesia Católica \ Catolicidad - Historia \ Catolicismo - Misión |
| 942 ## - TIPO DE MATERIAL (KOHA) | |
| Tipo de Item KOHA | Libros General |
| Estado de Material | Estado de Perdido | Estado de Dañado | No para Préstamo | Colección | Tomo | Biblioteca de Origen | Biblioteca Permanente | Fecha de Adquisición | Total de Préstamos | Signatura Topográfica | Código de Barras | Última vez visto | Ejemplar/Existencia | Fecha de Remplazo | Tipo de Material |
|---|---|---|---|---|---|---|---|---|---|---|---|---|---|---|---|
| Colección General | Biblioteca FUSBC | Biblioteca FUSBC | 12/03/2015 | G 262.72 D84c | 19239 | 12/12/2019 | 2016-12-02 | 26/01/2016 | Libros General |
